Proyectos de tratamiento y rehabilitación con perspectiva de género para mujeres adultas con consumo problemático de drogas
Gespeichert in:
| Körperschaft: | |
|---|---|
| Format: | Buch |
| Sprache: | Spanisch |
| Veröffentlicht: |
Santiago
CONACE
2005
|
| Ausgabe: | 1a. ed |
| Schlagworte: | |
| Tags: |
Tag hinzufügen
Keine Tags, Fügen Sie den ersten Tag hinzu!
|
MARC
| LEADER | 00000nam a2200000 a 4500 | ||
|---|---|---|---|
| 001 | UCI3249 | ||
| 003 | CL-VaPUC | ||
| 008 | 071019e20050000CL |||||||||||||||||spa|d | ||
| 020 | |a 9567808570 | ||
| 082 | 0 | 4 | |a 362.293 |b CON |2 21 |
| 110 | 2 | |a Consejo Nacional para el Control de Estupefacientes |e author |9 524645 | |
| 245 | 1 | 0 | |a Proyectos de tratamiento y rehabilitación con perspectiva de género para mujeres adultas con consumo problemático de drogas |
| 250 | |a 1a. ed | ||
| 300 | |a 95 p | ||
| 942 | |c BK | ||
| 945 | |d 20071019 00:00:00 |a jtorresc | ||
| 260 | |a Santiago |b CONACE |c 2005 | ||
| 650 | 0 | |a Drogas |9 254877 | |
| 650 | 0 | |a Drogadicción |9 331967 | |
| 650 | 0 | |a Aspectos sociales |9 254894 | |
| 650 | 0 | |a Consumo de drogas |9 390009 | |
| 650 | 0 | |a Mujeres |9 257649 | |
| 650 | 0 | |a Adolescencia |9 307361 | |
| 650 | 0 | |a Rehabilitación |9 307382 | |
| 650 | 7 | |a TRATAMIENTO |2 CL-VaPUC |9 393927 | |
| 650 | 0 | |a Proyectos |9 337967 | |
| 583 | |a last modification |c 20071019 00:00:00 |k Rodrigo Vera | ||
| 999 | |c 327569 |d 327567 | ||
| 952 | |0 0 |1 0 |4 0 |6 362_293000000000000_CON_2005 |7 0 |8 A |9 410576 |a BIBGIM |b BIBGIM |d 2019-11-22 |i 4381912 |o 362.293 CON 2005 |p 4381912 |r 2025-01-15 |w 2019-11-22 |y BK |k GIM | ||
| 952 | |0 0 |1 0 |4 0 |6 362_293000000000000_CON_2005 |7 0 |8 A |9 410577 |a BIBGIM |b BIBGIM |d 2019-11-22 |i 4522079 |o 362.293 CON 2005 |p 4522079 |r 2025-01-15 |w 2019-11-22 |y BK |k SSL | ||